El grito de la lechuza / (Registro nro. 30561)

Detalles MARC
000 -LÍDER
campo de control de longitud fija 00827nam a22002537a 4500
005 - FECHA Y HORA DE LA ÚLTIMA
campo de control 20240402175419.0
008 - ELEMENTOS DE DATOS DE LONGITUD FIJA - INFORMACIÓN GENERAL
campo de control de longitud fija 240212b |||||||| |||| 00| 0 eng d
020 ## - NÚMERO INTERNACIONAL NORMALIZADO DEL LIBRO
Número de libro estándar internacional 9788440203526
037 ## - FUENTE DE ADQUISICIÓN
Materials specified Donación
040 ## - FUENTE DE CATALOGACIÓN
Agencia de catalogación original CO-JMCR
Agencia de transcripción CO-JMCR
Agencia modificadora CO-JMCR
Convenciones de descripción rda
041 ## - CÓDIGO DE IDIOMA
Código de idioma del texto/pista de sonido o título independiente spa
082 ## - NÚMERO DE CLASIFICACIÓN DECIMAL DEWEY
Número de clasificación A-N
Número de artículo HIGg EJ.1
100 ## - ENTRADA PRINCIPAL - NOMBRE PERSONAL
Término relativo autor
Nombre personal Highsmith, Patricia
9 (RLIN) 43369
245 ## - DECLARACIÓN DEL TÍTULO
Título El grito de la lechuza /
Declaración de responsabilidad, etc. Patricia Highsmith
246 ## - FORMA VARIABLE DEL TÍTULO
Título propiamente dicho/título corto The cry of the owl
260 ## - PUBLICACIÓN, DISTRIBUCIÓN, ETC.
Lugar de publicación, distribución, etc. Barcelona:
Nombre del editor, distribuidor, etc. Editorial Noguer S.A,
Fecha de publicación, distribución, etc. 1962
300 ## - DESCRIPCIÓN FÍSICA
Medida 317 páginas;
Dimensiones 20 cm
521 ## - NOTA PARA EL PÚBLICO OBJETIVO
Nota de público objetivo Recomendad para mayores de 18 años
650 ## - ENTRADA AÑADIDA DE ASUNTO - TÉRMINO TEMÁTICO
Fuente del encabezado o término JMCR
-- Novela estadounidense
Subdivisión cronológica SIglo XX
9 (RLIN) 6991
650 ## - ENTRADA AÑADIDA DE ASUNTO - TÉRMINO TEMÁTICO
Fuente del encabezado o término Literatura estadounidense
Subdivisión cronológica Siglo XX
9 (RLIN) 13472
650 ## - ENTRADA AÑADIDA DE ASUNTO - TÉRMINO TEMÁTICO
Fuente del encabezado o término Crimen en la literatura
9 (RLIN) 43370
700 ## - ENTRADA AGREGADA - NOMBRE PERSONAL
Nombre personal Llinas, Joaquín
Término relativo Traductor
9 (RLIN) 43371
942 ## - ELEMENTOS DE ENTRADA AÑADIDOS (KOHA)
Source of classification or shelving scheme Dewey Decimal Classification
Tipo de artículo Koha Books
999 ## -
-- 30561
-- 16945
Existencias
Estado retirado